[Event "Rychnov Seniors op"]
[Site "Rychnov nad Kneznou"]
[Date "2012.08.22"]
[Round "3"]
[White "Laskiewicz, Jerzy"]
[Black "Zikmund, Jaroslav"]
[Result "1/2-1/2"]
[WhiteElo "1974"]
[BlackElo "1882"]
[PlyCount "57"]
[EventDate "2012.08.20"]
[EventType "swiss"]
[EventRounds "9"]
[EventCountry "CZE"]
[SourceTitle "CBM 150 Extra"]
[Source "ChessBase"]
[SourceDate "2012.10.19"]
[SourceVersion "1"]
[SourceVersionDate "2012.10.19"]
[SourceQuality "1"]

1. e4 c5 2. Nf3 Nc6 3. Bb5 e6 4. Bxc6 bxc6 5. d3 Ne7 6. b3 d5 7. 0-0 Ng6 8. Re1 d4 9. a4 e5 10. h3 Be7 11. Nbd2 Be6 12. Nf1 0-0 13. Ng3 Qd7 14. Kh2 h6 15. Qe2 Bd6 16. Bd2 Rae8 17. Kh1 Ne7 18. Nh2 f5 19. exf5 Nxf5 20. Nxf5 Bxf5 21. f3 Qf7 22. Rg1 Qg6 23. Be1 Be6 24. Nf1 Bd5 25. Qd2 Rf7 26. Ng3 Qe6 27. Ne4 Bxe4 28. fxe4 Be7 29. Bg3 1/2-1/2

[Event "Chrudim op"]
[Site "Chrudim"]
[Date "2002.07.10"]
[Round "3"]
[White "Kastner, Vojtech"]
[Black "Laskiewicz, Jerzy"]
[Result "1-0"]
[WhiteElo "1772"]
[BlackElo "2018"]
[PlyCount "55"]
[EventDate "2002.07.??"]
[EventType "swiss"]
[EventRounds "9"]
[EventCountry "CZE"]
[SourceTitle "EXT 2006"]
[Source "ChessBase"]
[SourceDate "2005.11.24"]
[SourceVersion "1"]
[SourceVersionDate "2005.11.24"]
[SourceQuality "1"]

1. e4 c5 2. Nf3 Nc6 3. d4 cxd4 4. Nxd4 e5 5. Nb3 Nf6 6. Nc3 d6 7. f3 Be6 8. Be3 Be7 9. Qd2 0-0 10. 0-0-0 a6 11. g4 Nd7 12. h4 Rc8 13. g5 f5 14. Bh3 Nb6 15. Bxb6 Qxb6 16. Nd5 Bxd5 17. Qxd5+ Kh8 18. Rh2 Nb4 19. Qe6 Qe3+ 20. Kb1 Qxf3 21. Rf1 Qg3 22. Rfh1 Rc7 23. exf5 Qf3 24. Rg1 Qe4 25. f6 Nxc2 26. Bf5 Na3+ 27. Ka1 Qd4 28. Nxd4 1-0

[Event "Chrudim op"]
[Site "Chrudim"]
[Date "2001.??.??"]
[Round "?"]
[White "Macharacek, Simon"]
[Black "Laskiewicz, Jerzy"]
[Result "1-0"]
[WhiteElo "2170"]
[BlackElo "2000"]
[PlyCount "65"]
[EventDate "2001.??.??"]
[EventType "swiss"]
[EventRounds "9"]
[EventCountry "CZE"]
[SourceTitle "EXT 2003"]
[Source "ChessBase"]
[SourceDate "2002.11.25"]
[SourceVersion "1"]
[SourceVersionDate "2002.11.25"]
[SourceQuality "1"]

1. e4 c5 2. Nf3 Nc6 3. d4 cxd4 4. Nxd4 e5 5. Nb5 d6 6. N1c3 a6 7. Na3 b5 8. Nd5 Nge7 9. c4 Nd4 10. Be3 Nxd5 11. cxd5 Be7 12. Bxd4 exd4 13. Bd3 0-0 14. 0-0 f5 15. Nc2 Bf6 16. exf5 Bb7 17. Be4 d3 18. Qxd3 Bxb2 19. Rab1 Bf6 20. Nb4 Qa5 21. Qc2 Rfe8 22. Rfe1 Rac8 23. Nc6 Qb6 24. Qd3 Bxc6 25. dxc6 Bd4 26. Re2 Kh8 27. Rd2 Be5 28. f6 gxf6 29. Bxh7 Qxc6 30. Qh3 Kg7 31. Bf5 Qc1+ 32. Rd1 Qh6 33. Bxc8 1-0

[Event "Chrudim op"]
[Site "Chrudim"]
[Date "2001.??.??"]
[Round "?"]
[White "Pavlicek, Miroslav"]
[Black "Laskiewicz, Jerzy"]
[Result "0-1"]
[WhiteElo "1890"]
[BlackElo "2000"]
[PlyCount "141"]
[EventDate "2001.??.??"]
[EventType "swiss"]
[EventRounds "9"]
[EventCountry "CZE"]
[SourceTitle "EXT 2003"]
[Source "ChessBase"]
[SourceDate "2002.11.25"]
[SourceVersion "1"]
[SourceVersionDate "2002.11.25"]
[SourceQuality "1"]

1. c4 f5 2. d4 Nf6 3. Nc3 e6 4. g3 d5 5. cxd5 exd5 6. Bg2 c6 7. Bf4 Bd6 8. Bxd6 Qxd6 9. Nf3 Nbd7 10. e3 0-0 11. 0-0 Ne4 12. Rc1 Qe7 13. Ne1 Ndf6 14. Nd3 Bd7 15. Na4 Rae8 16. Nac5 Nxc5 17. Nxc5 Bc8 18. b4 g5 19. Nd3 a6 20. a4 f4 21. exf4 gxf4 22. Re1 Qd6 23. Rxe8 Rxe8 24. Qd2 fxg3 25. hxg3 Ne4 26. Qf4 Qxf4 27. Nxf4 Nd6 28. Kf1 Nf5 29. Ne2 Bd7 30. b5 axb5 31. axb5 Kg7 32. Ra1 Re7 33. Ra7 Nd6 34. bxc6 bxc6 35. f4 Nb5 36. Ra2 Bg4 37. Kf2 Rxe2+ 38. Rxe2 Bxe2 39. Kxe2 Nxd4+ 40. Kd3 Ne6 41. f5 Nc5+ 42. Kd4 Nd7 43. Bf3 Kf6 44. g4 h6 45. Bd1 Ke7 46. Ba4 Kd6 47. Ke3 Nc5 48. Bd1 Ke5 49. Bf3 Nd7 50. Kd3 Nf6 51. Kc3 c5 52. Kd3 Kf4 53. Bd1 Nd7 54. Kd2 c4 55. Kc3 Ke3 56. Kb4 Kd2 57. Ba4 c3 58. Bxd7 c2 59. Kc5 c1Q+ 60. Kxd5 Qa3 61. f6 Ke3 62. Ke6 Qf8 63. Kf5 Kf3 64. Kg6 Kf4 65. Bf5 Ke5 66. f7 Qh8 67. Bc2 Qf6+ 68. Kh7 Qxf7+ 69. Kxh6 Qf8+ 70. Kh5 Kf4 71. Bf5 0-1